[Event "BRA-ch Amateurs U2300"]
[Site "Sao Paulo"]
[Date "2024.06.01"]
[Round "6"]
[White "De Carvalho Machado, Fernando"]
[Black "Cardoso, Alan Nogueira"]
[Result "1/2-1/2"]
[WhiteElo "1865"]
[BlackElo "1778"]
[PlyCount "45"]
[EventDate "2024.05.30"]
[EventType "swiss"]
[EventRounds "7"]
[EventCountry "BRA"]
[SourceTitle "CBM 220 Extra"]
[Source "ChessBase"]
[SourceDate "2024.07.31"]
[SourceVersion "1"]
[SourceVersionDate "2024.07.31"]
[SourceQuality "1"]

1. d4 Nf6 2. c4 g6 3. Nc3 Bg7 4. Nf3 0-0 5. Bf4 d6 6. e3 b6 7. Be2 Bb7 8. 0-0 Nbd7 9. h3 Ne4 10. Nxe4 Bxe4 11. Nd2 Bb7 12. Bf3 Bxf3 13. Nxf3 e5 14. dxe5 Nxe5 15. Bxe5 dxe5 16. Qc2 Qe7 17. e4 c5 18. Nd2 f5 19. f3 Bh6 20. Rfe1 Qh4 21. Nf1 Rad8 22. exf5 gxf5 23. Rad1 1/2-1/2

[Event "BRA-ch Amateurs U2300"]
[Site "Sao Paulo"]
[Date "2024.05.31"]
[Round "4"]
[White "Cardoso, Alan Nogueira"]
[Black "De Menezes, Ricardo Fagner Dias"]
[Result "1-0"]
[WhiteElo "1778"]
[BlackElo "1865"]
[PlyCount "78"]
[EventDate "2024.05.30"]
[EventType "swiss"]
[EventRounds "7"]
[EventCountry "BRA"]
[SourceTitle "CBM 220 Extra"]
[Source "ChessBase"]
[SourceDate "2024.07.31"]
[SourceVersion "1"]
[SourceVersionDate "2024.07.31"]
[SourceQuality "1"]

1. e4 c6 2. d4 d5 3. exd5 cxd5 4. Bd3 Nf6 5. c3 Nc6 6. Ne2 e6 7. 0-0 Be7 8. f4 Qc7 9. Nd2 b6 10. Nf3 Ne4 11. Ng3 f5 12. Ne5 Nxe5 13. fxe5 0-0 14. Bxe4 dxe4 15. Qh5 Bd7 16. Bg5 Qd8 17. Bxe7 Qxe7 18. Qe2 Bc6 19. Rad1 Rac8 20. b3 Qg5 21. c4 Rcd8 22. Rfe1 e3 23. Qh5 Qxh5 24. Nxh5 f4 25. g3 fxg3 26. Nxg3 Rf2 27. d5 exd5 28. Rxe3 d4 29. Kxf2 dxe3+ 30. Ke1 Rxd1+ 31. Kxd1 Bf3+ 32. Kc2 Kf7 33. Kd3 e2 34. Nxe2 Bxe2+ 35. Kxe2 Ke6 36. Kf3 Kxe5 37. Kg4 Ke4 38. h4 Kd3 39. Kf5 Kc2 1-0

[Event "BRA-ch Amateurs U2300"]
[Site "Sao Paulo"]
[Date "2024.05.31"]
[Round "3"]
[White "Cardoso, Alan Nogueira"]
[Black "Piekarski, Atila Balzer"]
[Result "1/2-1/2"]
[WhiteElo "1778"]
[BlackElo "2000"]
[PlyCount "74"]
[EventDate "2024.05.30"]
[EventType "swiss"]
[EventRounds "7"]
[EventCountry "BRA"]
[SourceTitle "CBM 220 Extra"]
[Source "ChessBase"]
[SourceDate "2024.07.31"]
[SourceVersion "1"]
[SourceVersionDate "2024.07.31"]
[SourceQuality "1"]

1. e4 e5 2. Nf3 Nc6 3. Bc4 Nf6 4. d3 Be7 5. Nc3 d6 6. a4 0-0 7. h3 Na5 8. Ba2 c5 9. 0-0 Nc6 10. Bg5 Be6 11. Bxf6 Bxf6 12. Nd5 g6 13. Nh2 Bg7 14. Ng4 f5 15. Nge3 Kh8 16. exf5 gxf5 17. Kh1 f4 18. Ng4 f3 19. Nde3 fxg2+ 20. Nxg2 d5 21. c3 Qd6 22. Qe2 Rae8 23. Rad1 b6 24. f3 Ne7 25. N2e3 Ng6 26. Ng2 Bd7 27. Bb3 Bc6 28. Qf2 Qd7 29. Qg3 Nf4 30. Nxf4 Rxf4 31. d4 cxd4 32. cxd4 Ref8 33. Nxe5 Bxe5 34. dxe5 d4 35. Rg1 Bxf3+ 36. Kh2 h6 37. Qg6 Qh7 1/2-1/2

[Event "BRA-ch Amateurs U2300"]
[Site "Sao Paulo"]
[Date "2024.05.30"]
[Round "2"]
[White "De Melo Lima, Caio Fernandes"]
[Black "Cardoso, Alan Nogueira"]
[Result "1-0"]
[WhiteElo "2015"]
[BlackElo "1778"]
[PlyCount "63"]
[EventDate "2024.05.30"]
[EventType "swiss"]
[EventRounds "7"]
[EventCountry "BRA"]
[SourceTitle "CBM 220 Extra"]
[Source "ChessBase"]
[SourceDate "2024.07.31"]
[SourceVersion "1"]
[SourceVersionDate "2024.07.31"]
[SourceQuality "1"]

1. d4 Nf6 2. Nf3 g6 3. g3 Bg7 4. Bg2 0-0 5. 0-0 d6 6. b3 c5 7. Bb2 Nbd7 8. c4 Ne4 9. e3 Ndf6 10. Qe2 Rb8 11. Nfd2 Ng5 12. h4 Nh3+ 13. Kh2 Ng4+ 14. Kxh3 Nxe3+ 15. Kh2 Nxf1+ 16. Nxf1 cxd4 17. Na3 e5 18. Rd1 f5 19. Bd5+ Kh8 20. Nb5 a6 21. Nxd4 exd4 22. h5 Qg5 23. hxg6 hxg6 24. Kg2 f4 25. Nd2 Be5 26. Nf3 Qf6 27. gxf4 Qxf4 28. Rxd4 Bxd4 29. Bxd4+ Kh7 30. Qe7+ Rf7 31. Ng5+ Kh6 32. Nxf7+ 1-0